Percentuale più alta di Pole position in Formula 1 - Statistics

Statistiche generali
  • Questo quiz è stato fatto 42 volte
  • Il punteggio medio è 6 su 8
Statistiche sulle risposte
Nazione Stagioni Numero pole position Numero qualifiche Percentuale di pole position Pilota % Corretto
Regno Unito 2007-2023 104 327 31,8% Lewis Hamilton
100%
Argentina 1950-1951, 1953-1958 29 52 55,8% Juan Manuel Fangio
95%
Germania 1991-2006, 2010-2012 68 308 22,1% Michael Schumacher
95%
Brasile 1984-1994 65 162 40,1% Ayrton Senna
89%
Italia 1950-1955 14 33 42,4% Alberto Ascari
78%
Regno Unito 1960-1968 33 72 45,8% Jim Clark
59%
Regno Unito 1951-1961 16 67 23,9% Stirling Moss
46%
Stati Uniti 1951-1953 1 5 20,0% Duke Nalon
0%
Nessun quiz corrispondente trovato
Distribuzione punteggi
Percentuale di utenti per punteggio
Percentile per numero di risposta
I tuoi punteggi nel tempo
Non hai fatto questo quiz